| 000 | 00601nam a2200193 a 4500 | ||
|---|---|---|---|
| 001 | 000016626 | ||
| 005 | 20240516194749.0 | ||
| 008 | 100308s1992 dr 000 0 spa d | ||
| 040 | _aDO-SdBNP | ||
| 082 |
_a641.5882 _bB736c |
||
| 100 | 1 |
_aBornia, Ligia de _922137 |
|
| 245 | 1 | 0 |
_aCocina en microondas, comida dominicana e internacional / _cLigia de Bornia. |
| 260 |
_aSanto Domingo : _bTaller, _c1992. |
||
| 300 |
_a242 p. ; _c24 cm. |
||
| 500 | _aIncluye datos biográficos de la autora en la contraportada | ||
| 650 | 0 |
_aCocina _9360 |
|
| 650 | 4 |
_aMicroondas en culinaria _936930 |
|
| 049 | _aBNPD | ||
| 999 |
_c16159 _d16159 |
||